000 00318nam a2200133Ia 4500
005 20260328101452.0
008 260328s9999||||xx |||||||||||||| ||und||
100 _aRossi, Aldo
245 0 _aLa Arquitectura de la Ciudad /
_cAldo Rossi
260 _bMarsilio
300 _a239 p.
650 _aARQUITECTURA
942 _cBK
999 _c8690
_d8690